000 00813nam a2200253Ia 4500
003 OSt
005 20220923220743.0
006 a|||||r|||| 00| 0
007 ta
008 220922b |||||||| |||| 00| 0 hin d
024 _a190,005
037 _cTextual
040 _aARTS
_cARTS
_bhin
041 _2hin
_ahin
082 _aO152,2N58x, M6
100 _aगुप्ता, मनमोहन, मोनी
245 0 _aतुम फिर चले आओ
246 _aTum fir chale āo
260 _aदिल्ली
_b दिशा प्रकाशन
_c1986
300 _a102पृ.
_ccm.
650 _aहिन्दी साहित्य
_9156264
942 _hO152,2N58x, M6
_cTEXL
_2CC
999 _c342813
_d342813